00408nam a22001217a 4500003000400000008004100004020001800045082002400063245008700087260007500174300001700249700002000266OSt260625b |||||||| |||| 00| 0 eng d a9789394023130 a629.13260285 bN16D aDrone Technology and its Applications in Agriculture/ by S.M. Nalawade...[et al.]  aNew Delhi: bInternational Books & Periodicals Supply Service, c2024. axxii, 196 p. aNalawade, S.M.